|
|
|
|
| LEADER |
00556cam a2200169 7i4500 |
| 001 |
0000024378 |
| 005 |
20100401090000.0 |
| 090 |
0 |
0 |
|a P 738.1
|b MAL
|
| 110 |
2 |
0 |
|a Malaysia External Trade Development Corporation (MATRADE)
|
| 245 |
2 |
0 |
|a Ceramic tableware market in France.
|
| 260 |
0 |
0 |
|a Paris:
|b MATRADE Paris,
|c 2008.
|
| 300 |
# |
# |
|a 29 p.
|
| 440 |
0 |
0 |
|a Product market study : 2008
|
| 650 |
0 |
0 |
|a Ceramics --
|x Markets --
|z France
|
| 650 |
0 |
0 |
|a Tableware, ceramic --
|x Markets --
|z France
|
| 651 |
0 |
0 |
|a France
|
| 999 |
|
|
|a 0000022554
|b Book
|c Products
|e Business Information Centre
|